000 00783nam a22002297a 4500
003 UA-OsUOA
001 20921
007 ta
008 20031107b un ||||| |||| 00| 0 ukr d
090 _a94 (477).052
_bР58
942 _cBK
040 _aUA-OsUOA
_bukr
_cUA-OsUOA
_dUA-OsUOA
245 _aРобітничий рух на Україні (становище та боротьба робітничого класу) (1861-1884рр.)
_bЗбірник документів і матеріалів
_cСост. В.П.Баран Г.В.Боряк М.І.Бутич А.М.Катренко
300 _a423 с.
955 _a0
041 _aukr
080 _a94 (477).052
260 _aКиїв
_bНаукова думка
_c1986
044 _aUA
650 7 _2UDC
999 _c307109
_d307109